[Circular stating of what a set of laws of 57th Congress, 1st session, consists].

Bibliographic Details
Corporate Author: United States. Department of State. Bureau of Rolls and Library
Format: Government Document eBook
Language:English
Published: [Washington] : [publisher not identified], 1902.
Subjects:
Online Access:Connect to the full text of this electronic document

MARC

Tag First Indicator Second Indicator Subfields
LEADER 00000cam a22000001a 4500
001 in00003664421
005 20190408173354.0
006 m o d f
007 cr bn mmmapmmp
008 141211s1902 dcu o f000 0 eng d
035 |a ebd1909602749 
040 |a UMI  |c UMI  |d UtOrBLW 
086 0 |a S 8.4:57/1 
099 |a S804-3.1 
110 1 |a United States.  |b Department of State.  |b Bureau of Rolls and Library. 
245 1 0 |a [Circular stating of what a set of laws of 57th Congress, 1st session, consists]. 
264 1 |a [Washington] :  |b [publisher not identified],  |c 1902. 
300 |a 1 online resource (1 pages) 
336 |a text  |b txt  |2 rdacontent 
337 |a computer  |b c  |2 rdamedia 
338 |a online resource  |b cr  |2 rdacarrier 
533 |a Electronic reproduction.  |b [Bethesda, Md.] :  |c ProQuest,  |d 2014.  |e digital, PDF file.  |n ProQuest U.S. Executive Branch Documents  |n Mode of access: World Wide Web via ProQuest website. 
588 |a Record is based on online resource; title from PDF title page (ProQuest, last viewed Dec. 2014). Reuse except for individual research requires license from ProQuest, LLC. 
500 |a Electronic resource. 
610 1 0 |a United States.  |t Laws, etc. (Statutes of the United States)  |0 http://id.loc.gov/authorities/names/no99035336 
655 7 |a Electronic books.  |2 local 
856 4 0 |u http://proxy.library.tamu.edu/login?url=http://congressional.proquest.com/congressional/docview/t66.d71.s804-3.1  |z Connect to the full text of this electronic document  |t 0 
999 f f |s f9909bb3-4ed0-3ff3-9bd3-6034f72661d9  |i c51c6ba4-0f4e-3323-bfdc-5b73e17e313d  |t 0 
952 f f |a Texas A&M University  |b College Station  |c Electronic Resources  |d Available Online  |t 0  |h No information provided 
998 f f |t 0  |l Available Online